MARC

LEADER 00000nam0a2200000 4500
001 244987
005 20231101232109.0
010 |b 3000 экз. 
035 |a (RuTPU)RU\TPU\book\266387 
090 |a 244987 
100 |a 20131101d1927 m y0rusy50 ca 
101 0 |a rus 
102 |a RU 
105 |a abf z 001zy 
200 1 |a Геологический очерк Поволжья  |e путеводитель по Среднему Поволжью  |f Е. В. Милановский 
210 |a Москва  |c Издание М. и С. Сабашниковых  |d 1927 
215 |a 141 с.  |c ил., карта 
316 |5 63413507: 181383  |a С автографом автора 
317 |5 63413507: 181383  |a Поступила в НТБ в 1940 г. в составе книжного собрания академика М. А. Усова. 
320 |a Библиогр.: с. 139-141. 
610 1 |a Поволжье 
610 1 |a Волга 
610 1 |a рельеф местности 
610 1 |a геологическое строение 
610 1 |a геологическая история 
610 1 |a дарственная надпись 
610 1 |a дары автора 
610 1 |a библиотека М. А. Усова 
675 |a 55  |v 3 
700 1 |a Милановский  |b Е. В.  |c российский геолог  |f 1892-1940  |g Евгений Владимирович  |2 stltpush  |3 (RuTPU)RU\TPU\pers\11491  |9 2685 
801 1 |a RU  |b 63413507  |c 20131101 
801 2 |a RU  |b 63413507  |c 20131101  |g RCR 
942 |c BK